Normal view
MARC view
- WARN, REUBEN HARRY
Entry Personal Name
001 - CONTROL NUMBER
- control field: 58079
003 - CONTROL NUMBER IDENTIFIER
- control field: NUST
005 - DATE AND TIME OF LATEST TRANSACTION
- control field: 20210628202043.0
008 - FIXED-LENGTH DATA ELEMENTS
- fixed length control field: 210628|| aca||aabn | a|a d
040 ## - CATALOGING SOURCE
- Original cataloging agency: NUST
- Transcribing agency: NUST
100 ## - HEADING--PERSONAL NAME
- Personal name: WARN, REUBEN HARRY
670 ## - SOURCE DATA FOUND
- Source citation: Work cat.: (NUST): WARN, REUBEN HARRY, SHEET METAL WORKERS INSTITUTE PRACTICAL RULES FOR DESCRIBING THE VARIOUS PATTERN REQUIRED BY ZINC SHEET IRON COPPER AND TIN PLATE WORKER, 1946
